|
|
|
|
| LEADER |
00000nam a2200000 a 4500 |
| 001 |
vtls011890221 |
| 003 |
SK-MaSNL |
| 005 |
20260311145748.0 |
| 008 |
201028 1614 gw 001 0 lat |
| 015 |
|
|
|a SNBHFA1614
|
| 040 |
|
|
|a SNBHF
|b slo
|c SNK
|e AACR2
|
| 041 |
0 |
|
|a lat
|
| 044 |
|
|
|a gw
|c DE
|
| 072 |
|
7 |
|a 2-1
|x Prirodzená teológia. Náboženská filozofia
|2 konspekt
|
| 080 |
|
|
|a 2-1
|2 2011
|
| 100 |
1 |
|
|a Mentzer, Balthasar,
|d 1565-1627
|4 aut
|9 129213
|
| 245 |
1 |
0 |
|a Disputationes Theologicae et Scholasticae XIV. De Praecipuis Quibusdam Controversis Christianae Doctrinae Capitibus:
|c Conscriptae et habitae à Balthasare Mentzero, Doctore Theologo In Academia Marpurgensi: & Oppositae Totidem Capitibvs Libri à Johanne Pistorio nuper emissi: cui titulum fecit: Wegweiser vor alle verführte Christen/ &c
|
| 260 |
|
|
|a Marpurgi
|b Apud Paulum Egenolphum
|c Anno MDCXIV. [=1614]
|
| 300 |
|
|
|a 683, [1] s.
|c 17 cm
|
| 500 |
|
|
|a Rok vydania rímskymi číslicami
|
| 500 |
|
|
|a Vineta na titulnom liste, v texte iniciála na 5r., vinety, kustody, živé záhlavie
|
| 504 |
|
|
|a Marginálne tlačené poznámky
|
| 561 |
|
|
|a Z knižnice Učenej spoločnosti malohontskej
|5 SNK ID 101143
|
| 561 |
|
|
|a Na titulnom liste rukopisný provenienčný záznam: Ex Bibliotheca Jacobius C...?
|5 snk id 101143
|
| 563 |
|
|
|a Väzba: pergamen.
|5 SNK ID 10143
|
| 650 |
0 |
7 |
|a teológia
|2 SNKPH
|9 1814
|
| 710 |
2 |
|
|a Učená spoločnosť malohontská
|4 fmo
|5 SNK ID 101143
|9 205374
|
| 710 |
0 |
|
|a Egenolff, Paul (Marburg, Nemecko),
|d 1586-1621
|4 prt
|9 837645
|
| 752 |
|
|
|a Nemecko
|d Marburg
|
| 852 |
|
|
|a snk
|b Historické fondy
|p ID 101143
|
| 958 |
|
|
|a DC
|
| 999 |
|
|
|c 3360749
|d 3362679
|
| 952 |
|
|
|t MHC LXI., 823
|a SNK
|b SNK
|c SNK_HF
|y PREZ
|7 0
|p 17A1356903
|o snkID 101143
|i snk2019/24423
|8 5
|0 0
|1 0
|4 0
|d 2019-09-30
|l 0
|r 2026-03-03 12:05:12
|w 2026-03-03
|